Son of tecun uman : a maya indian tells his life story /

保存先:
書誌詳細
第一著者: James, Sexton
フォーマット: 不明
言語:English
出版事項: Estados Unidos : The University of Arizona Press, 1981.
主題:
タグ: タグ追加
タグなし, このレコードへの初めてのタグを付けませんか!

MARC

LEADER 000000000a22000000004500
001 002958
020 |a 0816507368 
041 0 |a eng 
082 0 4 |a 972.810.049.7   |b S698s 
100 1 |a James, Sexton 
245 1 0 |a Son of tecun uman :   |b a maya indian tells his life story /   |c Sexton James. 
260 1 |a Estados Unidos :   |b The University of Arizona Press,   |c 1981. 
300 |a 250 páginas ;   |c 21 cm. 
650 4 |a BIZARRO U; PAN, IGNACIO 
650 4 |a INDIOS TZUTUHIL 
650 4 |a CONDICIONES SOCIALES 
650 4 |a INDIOS DE AMERICA CENTRAL 
650 4 |a GUATEMALA 
650 4 |a BIOGRAFIA 
650 4 |a GUATEMALA 
999 |c 9282  |d 9282 
942 |c BK  |h 972.810.049.7 S698s  |2 z